Gay and lesbian professionals in the closet : who's in, who's out, and why /

সংরক্ষণ করুন:
গ্রন্থ-পঞ্জীর বিবরন
প্রধান লেখক: DeCrescenzo, Teresa (লেখক)
বিন্যাস: গ্রন্থ
ভাষা:ইংরেজি
প্রকাশিত: New York : Harrington, 1997
ট্যাগগুলো: ট্যাগ যুক্ত করুন
কোনো ট্যাগ নেই, প্রথমজন হিসাবে ট্যাগ করুন!

MARC

LEADER 00000nam a22000007i 4500
001 IT\ICCU\UBO\3536200
003 ItRI
005 20260115231821.0
008 081203s1997 xxu|||||| ||||| |||||c
020 |a 0789003317 
040 |b ita  |c importazione bologna sebina 
041 7 |a eng  |2 ISO-639-2 
100 1 |a DeCrescenzo, Teresa  |0 IT\ICCU\UBOV\294785  |4 aut 
245 1 0 |a Gay and lesbian professionals in the closet :  |b who's in, who's out, and why /  |c Teresa DeCrescenzo. 
260 |a New York :  |b Harrington,  |c 1997 
300 |a xxiii, 94 p. ;  |c 22 cm. 
942 |2 ddc  |c BK  |n 0 
952 |0 0  |1 0  |4 0  |6 DOC_361_320000000000000_DEC  |7 0  |9 13434  |a BO  |b BO  |d 2026-01-15  |i 4171  |l 0  |o DOC 361.320 DEC  |p BO4171  |r 2026-01-15 23:18:21  |w 2026-01-15  |x [Sebina 5] [1 v.]  |y BK  |z 1 v. 
999 |c 11545  |d 11545